Statistics for Teenage Mutant Ninja Turtles Quiz

Click here to take the quiz!

General Stats

  • This quiz has been taken 22 times
  • The average score is 18 of 28

Answer Stats

Hint Answer % Correct
Blue MaskLeonardo
100%
Red MaskRaphael
100%
Orange MaskMichelangelo
100%
Purple MaskDonatello
100%
Turtles' SenseiSplinter
100%
Main enemy of the TurtlesShredder
93%
Red-headed psychic friendApril O'Neil
86%
Hockey boyCasey Jones
86%
Leonardo's weaponKatana
79%
Rhinoceros mutant; henchman of ShredderRocksteady
79%
Warthog mutant; henchman of ShredderBebop
71%
Robots with brains in their chestsKraang
71%
Donatello's weaponBo Staff
71%
Michelangelo's weaponNunchaku
64%
Raphael's weaponSai
64%
Alligator mutant; member of the Mighty MutanimalsLeatherhead
57%
Fly mutant; henchman of ShredderBaxter Stockman
57%
Homeplace of the aboveDimension X
50%
Dinosaur army that wanted to destroy EarthTriceratons
50%
Xever's mutant nameFishface
43%
Splinter's daughter; kidnapped by Shredder as a babyKarai
43%
Turtle mutant; leader of the Mighty MutanimalsSlash
43%
Bird mutant; member of the Mighty MutanimalsPigeon Pete
36%
Monkey mutant; member of the Mighty MutanimalsDoctor Rockwell
36%
Raphael's Salamandrian girlfriendMona Lisa
36%
Mikey's ex-friend; double mutated henchman of ShredderChris Bradford
36%
Cat assassin who works for ShredderTiger Claw
36%
Raph's pet alien turtleChompy Picasso
29%

Score Distribution

Percentile by Number Answered

Percent of People with Each Score

Your Score History

You have not taken this quiz